[Event "OP-2013-0-02618"]
[Site "LSS email"]
[Date "2013.01.31"]
[Round "?"]
[White "Hugo, Karl"]
[Black "Boucher, Brice Quentin"]
[Result "0-1"]
[WhiteElo "934"]
[BlackElo "1648"]
[PlyCount "52"]
[EventDate "2013.01.28"]
[EventType "tourn (corr)"]
[EventRounds "4"]
[EventCountry "GER"]
[SourceTitle "Telechess CBM 161"]
[Source "ChessBase"]
[SourceDate "2014.07.16"]
[SourceVersion "1"]
[SourceVersionDate "2014.07.16"]
[SourceQuality "1"]

1. e4 g6 2. d4 Bg7 3. Nf3 d6 4. Nc3 Nf6 5. Be2 0-0 6. 0-0 c6 7. Bg5 d5 8. exd5 cxd5 9. h3 Nc6 10. Re1 Ne4 11. Be3 f5 12. Bb5 Qd6 13. Bxc6 bxc6 14. Nxe4 fxe4 15. Nh2 e5 16. c3 Rb8 17. b3 exd4 18. Bxd4 Qf4 19. Re2 Ba6 20. Rc2 Bd3 21. Rd2 Bxd4 22. cxd4 Rb4 23. g3 Qf6 24. h4 Qxd4 25. h5 Rb7 26. Qg4 Qxa1+ 0-1

[Event "OP-2013-0-02618"]
[Site "LSS email"]
[Date "2013.01.31"]
[Round "?"]
[White "Torell, Harald"]
[Black "Hugo, Karl"]
[Result "1-0"]
[WhiteElo "2157"]
[BlackElo "934"]
[PlyCount "27"]
[EventDate "2013.01.28"]
[EventType "tourn (corr)"]
[EventRounds "4"]
[EventCountry "GER"]
[SourceTitle "Corr 2015"]
[Source "ChessBase"]
[SourceDate "2015.07.17"]
[SourceVersion "1"]
[SourceVersionDate "2015.07.17"]
[SourceQuality "1"]

1. e4 e5 2. Nf3 Nc6 3. c3 Nf6 4. d4 Nxe4 5. d5 Ne7 6. Nxe5 Ng6 7. Qd4 Qf6 8. Qxe4 Qxe5 9. Qxe5+ Nxe5 10. Nd2 Bc5 11. a4 0-0 12. Ne4 Re8 13. Be2 Bb6 14. a5 1-0

[Event "RN-2013-0-00590"]
[Site "LSS email"]
[Date "2013.01.17"]
[Round "?"]
[White "Brough, Carl"]
[Black "Hugo, Karl"]
[Result "0-1"]
[WhiteElo "622"]
[BlackElo "1083"]
[PlyCount "60"]
[EventDate "2013.01.04"]
[EventType "tourn (corr)"]
[EventRounds "6"]
[EventCountry "GER"]
[SourceTitle "Telechess CBM 159"]
[Source "ChessBase"]
[SourceDate "2014.03.17"]
[SourceVersion "1"]
[SourceVersionDate "2014.03.17"]
[SourceQuality "1"]

1. d4 Nf6 2. c4 g6 3. Nc3 Bg7 4. e4 d6 5. Bf4 0-0 6. Bd3 Nc6 7. Nf3 Bg4 8. Be2 Ne8 9. 0-0 Bxf3 10. Bxf3 Nxd4 11. Nd5 Nxf3+ 12. Qxf3 Nf6 13. Rac1 c6 14. Nxf6+ Bxf6 15. Bh6 Bg7 16. Bg5 h6 17. Be3 Qa5 18. Qe2 Qxa2 19. Rc2 Qb3 20. Ra1 c5 21. Ra3 Qb6 22. Qd2 Kh7 23. Bf4 f5 24. Rh3 h5 25. Bg5 Qc7 26. Qd5 Qc6 27. exf5 Qxd5 28. cxd5 Rxf5 29. Bxe7 Rxd5 30. Rf3 Rd1# 0-1

[Event "RN-2013-0-00590"]
[Site "LSS email"]
[Date "2013.01.17"]
[Round "?"]
[White "Mori, Roberto"]
[Black "Hugo, Karl"]
[Result "0-1"]
[WhiteElo "643"]
[BlackElo "1083"]
[PlyCount "84"]
[EventDate "2013.01.04"]
[EventType "tourn (corr)"]
[EventRounds "6"]
[EventCountry "GER"]
[SourceTitle "Telechess CBM 159"]
[Source "ChessBase"]
[SourceDate "2014.03.17"]
[SourceVersion "1"]
[SourceVersionDate "2014.03.17"]
[SourceQuality "1"]

1. e4 e5 2. Nf3 d6 3. h3 Nc6 4. d4 exd4 5. Nxd4 Bd7 6. Nxc6 Bxc6 7. Nc3 Nf6 8. Bg5 Be7 9. Be2 Nxe4 10. Nxe4 Bxg5 11. Bf3 0-0 12. 0-0 Re8 13. Nxg5 Qxg5 14. c3 Bxf3 15. Qxf3 c6 16. Rad1 d5 17. Rd4 Re6 18. Rf4 f6 19. h4 Qe5 20. Rf5 Qe2 21. Qxe2 Rxe2 22. Rb1 Rae8 23. Kf1 Rd2 24. g3 Ree2 25. Re1 Rxe1+ 26. Kxe1 Rxb2 27. Rf4 Rxa2 28. Rb4 b5 29. Rd4 a5 30. Rd3 a4 31. Re3 Kf7 32. f3 Ra3 33. Kd2 d4 34. Rd3 Rxc3 35. Rxc3 dxc3+ 36. Kxc3 c5 37. g4 b4+ 38. Kb2 Ke6 39. f4 c4 40. h5 c3+ 41. Kc2 Kd5 42. Kb1 Kc4 0-1

[Event "RN-2013-0-00590"]
[Site "LSS email"]
[Date "2013.01.17"]
[Round "?"]
[White "Venturas, Bob"]
[Black "Hugo, Karl"]
[Result "0-1"]
[WhiteElo "737"]
[BlackElo "1083"]
[PlyCount "70"]
[EventDate "2013.01.04"]
[EventType "tourn (corr)"]
[EventRounds "6"]
[EventCountry "GER"]
[SourceTitle "Telechess CBM 159"]
[Source "ChessBase"]
[SourceDate "2014.03.17"]
[SourceVersion "1"]
[SourceVersionDate "2014.03.17"]
[SourceQuality "1"]

1. d4 Nf6 2. Nc3 g6 3. e4 d6 4. h3 Bg7 5. Nf3 0-0 6. Bd3 Nc6 7. 0-0 e5 8. d5 Ne7 9. Bg5 h6 10. Bh4 g5 11. Bg3 Nh5 12. Bh2 Nf4 13. Ne2 Nxd3 14. Qxd3 f5 15. Ng3 f4 16. Ne2 Ng6 17. c4 h5 18. g3 g4 19. hxg4 hxg4 20. Nd2 f3 21. Nc3 Qg5 22. Rfd1 Qh5 23. Qf1 Kf7 24. Kh1 Bh6 25. b4 Rh8 26. Qg1 Bd7 27. a4 Rh7 28. c5 Rah8 29. Nf1 Nf4 30. gxf4 Bxf4 31. Ng3 Qxh2+ 32. Qxh2 Rxh2+ 33. Kg1 Bxg3 34. fxg3 Rg2+ 35. Kf1 Rh1# 0-1

[Event "OP-2013-0-02591"]
[Site "LSS email"]
[Date "2013.01.16"]
[Round "?"]
[White "Hugo, Karl"]
[Black "Kovacs, Arthur"]
[Result "0-1"]
[WhiteElo "934"]
[BlackElo "2483"]
[PlyCount "58"]
[EventDate "2013.01.13"]
[EventType "tourn (corr)"]
[EventRounds "4"]
[EventCountry "GER"]
[SourceTitle "Telechess CBM 161"]
[Source "ChessBase"]
[SourceDate "2014.07.16"]
[SourceVersion "1"]
[SourceVersionDate "2014.07.16"]
[SourceQuality "1"]

1. e4 e5 2. Nf3 Nc6 3. Bb5 a6 4. Ba4 Nf6 5. 0-0 Be7 6. Re1 b5 7. Bb3 d6 8. c3 0-0 9. h3 Nb8 10. d4 Nbd7 11. Nbd2 Bb7 12. Bc2 Re8 13. Nf1 Bf8 14. Ng3 g6 15. a4 c5 16. d5 c4 17. Bg5 h6 18. Be3 Qc7 19. Qd2 Kh7 20. Nh2 Bg7 21. Rf1 h5 22. Nf3 Kg8 23. Ng5 Bh6 24. a5 h4 25. Ne2 Nc5 26. f3 Nh5 27. Kh1 Qe7 28. Rf2 Nf4 29. Nxf4 Qxg5 0-1